00346nam a2200121Ia 45000010005000000080041000050820024000461000054000702450033001242600024001579010028001819990015002093018241024s9999 xx 000 0 und d aRD/371.1/R426c/2013 aRepública Dominicana. Ministerio de Educación 0aConcurso de oposición 2013 bSanto Domingoc2013 a17/7/2013 12:39:02 p.m. c8894d8894